00286nam a2200133Ia 4500003000400000005001700004008004100021020001800062040000900080100001400089245002900103260001100132260000900143OSt20240209112437.0170524s9999 xx 000 0 und d a9780071202404 cIIMT aRoddy- D. 0aSatellite Communications bT.M.H. c2011